000 00313nam a22001337a 4500
008 170615b xxu||||| |||| 00| 0 eng d
020 _a9780321364968
041 _aeng
080 _23RD
_a32
100 _a19
101 _aSHP
245 _aGOOD REASONS WITH CONTEMPORARY ARGUMENTS
_cFAIGLEY,L
942 _2udc
_cBK
999 _c17569
_d17569